00198nam a2200073 a 450000500170000000800410001705000190005824500470007720140414093833.0970110s19uu xx 00 eng d aVHS 700bOR 03 aMusic Magic Video Library :bStorytelling.